000 00459pam a2200109a 44500
008 230405s2010 xxu||||| |||| 00| 0 eng d
041 _aMAR
100 _aसौ संगिता माने डॉ सुरेश माने
245 _aजिल्हा परिषद कर्मचारी भरती संपूर्ण मार्गदर्शक
260 _a
_bअक्षरगंगा प्रकाशन
_c2010
906 _a10471
999 _c300970
_d300970